| 000 | 00677nam a2200253Ia 4500 | ||
|---|---|---|---|
| 005 | 20250425162734.0 | ||
| 008 | 250425s9999 xx 000 0 und d | ||
| 020 | _a0132926903 | ||
| 041 | _aeng | ||
| 082 | _a658 | ||
| 100 | _aDELAVIGNE, KENNETH T | ||
| 245 | 0 | _aDEMING'S PROFOUND CHANGES: WHEN WILL THE SLEEPING GIANT AWAKEN? | |
| 250 | _aS.E | ||
| 260 |
_aEstados Unidos _bPRETICE-HALL INTERNATIONAL _c1994 |
||
| 260 | _aNEW YORK | ||
| 300 | _a274 | ||
| 500 | _aDONADO POR DR. GUILLERMO AROSEMENA | ||
| 650 | _aGESTION DE VENTAS | ||
| 650 | _aNEGOCIOS | ||
| 650 | _aSISTEMA DE ADMINISTRACION | ||
| 710 | _aPRENTICE-HALL | ||
| 942 | _c01 | ||
| 010 | _a104379 | ||
| 999 |
_c235427 _d235427 |
||